Music Quiz

Random Music or Lyrics Quiz

'Total Eclipse of the Heart' Lyrics Quiz Stats

 Plays Quiz Updated Feb 3, 2018

Challenge
Share
Tweet
Embed
Score 0/298 Timer 12:00
2 Plays Today
% Correct
→*^*^ [Chorus] →**
99.2%
# a
98.8%
a
98.8%
a
98.8%
a
98.8%
a
98.8%
a
98.8%
a
98.8%
a
98.8%
the
98.2%
the
98.2%
the
98.2%
the
98.2%
the
98.2%
the
98.2%
the
98.2%
the
98.2%
the
98.2%
the
98.2%
the
98.2%
the
98.2%
the
98.2%
the
98.2%
the
98.2%
the
98.2%
# I
98%
I
98%
^ I
98%
I
98%
I
98%
I
98%
I
98%
I
98%
I
98%
I
98%
I
98%
I
98%
I
98%
% I
98%
I
98%
I
98%
to
96.2%
to
96.2%
to
96.2%
to
96.2%
to
96.2%
no
95.2%
of
94.5%
of
94.5%
of
94.5%
of
94.5%
of
94.5%
of
94.5%
of
94.5%
of
94.5%
# and
94.4%
and
94.4%
and
94.4%
^ and
94.4%
and
94.4%
and
94.4%
and
94.4%
and
94.4%
→*^*^ And
94.4%
And
94.4%
And
94.4%
And
94.4%
and
94.4%
and
94.4%
% and
94.4%
and
94.4%
and
94.4%
you
93.8%
you
93.8%
you
93.8%
you
93.8%
you
93.8%
you.
93.8%
# now
93.8%
^ now
93.8%
now
93.8%
now
93.8%
now
93.8%
% now
93.8%
ever.
92.2%
# then
91%
then
91%
^ then
91%
then
91%
% then
91%
heart.
89.8%
heart.
89.8%
# Every
89.7%
^ Every
89.7%
% Every
89.7%
total
89.3%
total
89.3%
eclipse
89.3%
eclipse
89.3%
'round.
89.1%
% Correct
# Turn
88.8%
* Turn
88.8%
→** %Turn
88.8%
# around.
88.3%
* around,
88.3%
% around.
88.3%
on
88%
on
88%
in
87.8%
in
87.8%
in
87.8%
in
87.8%
in
87.8%
in
87.8%
in
87.8%
in
87.8%
in
87.8%
need
84.9%
need
84.9%
need
84.9%
# get
84.8%
get
84.8%
# little
84.7%
eyes.
83.9%
* eyes.
83.9%
eyes.
83.9%
love
83.8%
love,
83.8%
love
83.8%
^ fall
83.5%
^ apart. →*^
83.1%
apart.
83.1%
# bit
83%
your
82.6%
your
82.6%
your
82.6%
Your
82.6%
can
81.8%
can
81.8%
can
81.8%
be
81.7%
be
81.7%
be
81.7%
be
81.7%
be.
81.7%
be
81.7%
we
81.5%
only
81.3%
only
81.3%
only
81.3%
only
81.3%
only
81.3%
more
80.2%
it
80%
it
80%
tonight.
79.9%
tonight.
79.9%
~ tonight →~
79.9%
time.
79.9%
time
79.9%
time
79.9%
do,
79.6%
do:
79.6%
do.
79.6%
than
79.3%
my
79.2%
my
79.2%
me
78.5%
me
78.5%
me
78.5%
* bright
78.2%
forever.
76%
never
75.5%
never
75.5%
never
75.5%
was
75.1%
was
75.1%
there
74.6%
I'm
74.2%
I'm
74.2%
I'm
74.2%
nothing
73.8%
Nothing
73.8%
nothing
73.8%
nothing
73.8%
Once
73.4%
Once
73.4%
dark.
73%
dark.
73%
upon
72.7%
upon
72.7%
if
72.1%
but
71.4%
but
71.4%
but
71.4%
hold
70.3%
falling
69.6%
falling
69.6%
see
69.3%
see
69.3%
% Correct
There's
69.3%
there's
69.3%
→% there's
69.3%
→% there's
69.3%
there's
69.3%
is
69.2%
all
69.2%
all
69.2%
say:
69.1%
you're
68.9%
lonely
68.8%
right,
68%
life,
67.9%
we'll
67.2%
we'll
67.2%
we'll
67.2%
light
67%
tight,
66.8%
coming
65.5%
~ gonna
65%
look
64.6%
look
64.6%
really
64%
end
63.8%
know
63.7%
know
63.7%
% know
63.7%
making
63.7%
holding
63.6%
like
63.4%
like
63.4%
what
62.4%
~ start
60.4%
don't
59.6%
Together
58.9%
always
56.3%
always
56.3%
always
56.3%
that
56.2%
that
56.2%
that
56.2%
have
54%
take
52.7%
~ Forever's
52.6%
→# tired
51%
'Cause
50.8%
by.
50.5%
wrong.
50.5%
sound
49.9%
off
49.7%
gone
49.1%
We're
48.3%
tears.
47.8%
giving
47.2%
living
47%
sparks.
46.8%
shadow
46.6%
years
46.6%
one
46%
line.
46%
listening
45.8%
→# terrified
44.6%
→# terrified
44.6%
best
43.4%
powder
39.9%
keg
39.7%
you'll
38.8%
→% you'll
38.8%
→# nervous
37.8%
who
30.8%
am.
28.2%
arms.
27.8%
wanted
27.4%
wanted
27.4%
way
26.4%
just
26%
I've
23.6%
as
22.9%
as
22.9%
out
22.9%
child
22.5%
got
22.5%
dream
20.3%
cry.
19.8%
boy
18.6%
boy
18.6%
something
17.7%
lying
17.3%
→# angry
16.9%
wouldn't
15.8%
→# restless
15.3%
wild.
13.9%
universe
13.4%
any
12.2%
→# helpless
11.4%
better,
9.3%
magical
8.7%
wondrous
7.4%

You're not logged in!

Compare scores with friends on all Sporcle quizzes.
OR
Log In

You Might Also Like...

Show Comments

Extras

Top Quizzes Today


Score Distribution

Your Account Isn't Verified!

In order to create a playlist on Sporcle, you need to verify the email address you used during registration. Go to your Sporcle Settings to finish the process.

Report this User

Report this user for behavior that violates our Community Guidelines.

Details: